[Event "Rated Blitz game"]
[Site "?"]
[Date "2021.01.15"]
[Round "?"]
[White "antid0te"]
[Black "Rusert"]
[Result "0-1"]
[WhiteElo "2436"]
[BlackElo "2461"]
[PlyCount "82"]
[EventDate "2021.??.??"]
[EventType "blitz"]

1. e4 e5 2. Nf3 d5 3. exd5 e4 4. Ne5 Qxd5 5. d4 exd3 6. Nxd3 Nf6 7. Nc3 Qf5 8.
Be2 Nc6 9. O-O Bd6 10. h3 O-O 11. Be3 Re8 12. Qd2 Bd7 13. Rae1 Rad8 14. Bf3 Qg6
15. Kh1 Bf5 16. Bg5 h6 17. Rxe8+ Rxe8 18. Be3 a6 19. Nf4 Qh7 20. Ncd5 Ne4 21.
Qd1 Ng5 22. Nh5 Be5 23. Bg4 Bxc2 24. Qc1 Be4 25. Nc3 Bxc3 26. Qxc3 Bg6 27. Qb3
Rb8 28. Nf4 Bf5 29. Bh5 Ne6 30. Nd5 Be4 31. f3 Bxd5 32. Qxd5 Rd8 33. Qb3 b5 34.
Rc1 Rd3 35. Rc3 Rxc3 36. Qxc3 Ne7 37. Qa3 Qb1+ 38. Kh2 Nd5 39. Bf2 Qc2 40. Bg3
Ndf4 41. Bxf4 Nxf4 {Time forfeit} 0-1

[Event "Rated Blitz game"]
[Site "?"]
[Date "2021.01.15"]
[Round "?"]
[White "Chess-Network"]
[Black "Jomajo"]
[Result "0-1"]
[WhiteElo "2568"]
[BlackElo "2625"]
[PlyCount "88"]
[EventDate "2021.??.??"]
[EventType "blitz"]

1. e4 e5 2. Nf3 d5 3. d3 dxe4 4. dxe4 Qxd1+ 5. Kxd1 Bg4 6. Be2 Nc6 7. Be3
O-O-O+ 8. Nbd2 Nf6 9. Kc1 Bxf3 10. Bxf3 Nd4 11. Bd1 Bc5 12. c3 Ne6 13. Kc2 Bxe3
14. fxe3 Nc5 15. Bf3 a5 16. Rad1 g5 17. h3 h5 18. Nc4 Rde8 19. Rdf1 Re7 20.
Nxa5 Rg8 21. Nc4 Ncxe4 22. Bxe4 Nxe4 23. Rhg1 Ng3 24. Rf3 h4 25. Nd2 f5 26. Nf1
f4 27. Nxg3 hxg3 28. e4 Rd7 29. Rd3 Rgd8 30. Rxd7 Rxd7 31. a4 b6 32. b4 Kb7 33.
Rf1 c5 34. bxc5 bxc5 35. Rb1+ Kc6 36. a5 Ra7 37. Rb6+ Kc7 38. Rg6 Rxa5 39. Rxg5
Ra2+ 40. Kd3 Rxg2 41. Rxe5 f3 42. Rf5 f2 43. e5 Rg1 44. Ke2 Re1+ {Normal} 0-1

[Event "Rated Blitz game"]
[Site "?"]
[Date "2021.01.15"]
[Round "?"]
[White "randomandaverage"]
[Black "blastol"]
[Result "1-0"]
[WhiteElo "2348"]
[BlackElo "2414"]
[PlyCount "50"]
[EventDate "2021.??.??"]
[EventType "blitz"]

1. e4 e5 2. Nf3 d5 3. exd5 Bd6 4. d4 e4 5. Ne5 Nf6 6. Bb5+ c6 7. dxc6 bxc6 8.
Nxc6 Qb6 9. Nc3 Nxc6 10. d5 O-O 11. Bxc6 Ba6 12. Na4 Qc7 13. Bg5 e3 14. Bxf6
exf2+ 15. Kxf2 gxf6 16. Qg4+ Kh8 17. Qd7 Rae8 18. Qxc7 Re2+ 19. Kf3 Bxc7 20.
Nc5 Rg8 21. Nxa6 Rgxg2 22. Nxc7 f5 23. Rhg1 Rgf2+ 24. Kg3 Rxc2 25. Raf1 Rf4 {
Normal} 1-0

[Event "Rated Blitz game"]
[Site "?"]
[Date "2021.01.15"]
[Round "?"]
[White "NurmagomedOmarov97"]
[Black "ieks"]
[Result "1/2-1/2"]
[WhiteElo "2400"]
[BlackElo "2348"]
[PlyCount "82"]
[EventDate "2021.??.??"]
[EventType "blitz"]

1. e4 e5 2. Nf3 d5 3. Nxe5 Bd6 4. d4 dxe4 5. Nc4 Nf6 6. Nc3 Nc6 7. Bg5 Bb4 8.
d5 Qxd5 9. Bxf6 Qxd1+ 10. Rxd1 gxf6 11. Be2 Bxc3+ 12. bxc3 O-O 13. O-O f5 14.
Ne3 Be6 15. Bc4 Rad8 16. f3 f4 17. Bxe6 fxe3 18. Bc4 exf3 19. gxf3 Rfe8 20.
Rxd8 Rxd8 21. Re1 Rd2 22. Bd3 Ne5 23. Rxe3 Nxd3 24. cxd3 Rxa2 25. Re7 Rd2 26.
Rxc7 Rxd3 27. Rxb7 Rxc3 28. Rxa7 Rc2 29. Ra6 Kg7 30. h4 f6 31. Ra4 Kg6 32. Rg4+
Kf5 33. Ra4 h5 34. Rb4 Rd2 35. Ra4 Rc2 36. Rb4 Rd2 37. Rc4 Rb2 38. Rd4 Rc2 39.
Ra4 Rb2 40. Rc4 Rd2 41. Ra4 Rc2 {Normal} 1/2-1/2

[Event "Rated Blitz game"]
[Site "?"]
[Date "2021.01.15"]
[Round "?"]
[White "SomeCM"]
[Black "Mettigel"]
[Result "0-1"]
[WhiteElo "2319"]
[BlackElo "2460"]
[PlyCount "110"]
[EventDate "2021.??.??"]
[EventType "blitz"]

1. e4 e5 2. Nf3 d5 3. exd5 Bd6 4. d4 e4 5. Ne5 Nf6 6. Bc4 O-O 7. O-O Nbd7 8.
Bf4 Nb6 9. Bg5 h6 10. Bh4 Bf5 11. Nc3 Bxe5 12. dxe5 Nxc4 13. exf6 g5 14. Bg3
Qxf6 15. Bxc7 Nxb2 16. Qe1 Rac8 17. d6 Rfe8 18. Nd5 Qe5 19. d7 Qxd5 20. dxe8=Q+
Rxe8 21. Bg3 Bg6 22. Qb4 Nc4 23. Rad1 Qc6 24. Rd4 b5 25. Rfd1 e3 26. Rd8 e2 27.
Rxe8+ Qxe8 28. Re1 Bxc2 29. Qc3 Bd1 30. f3 Qe3+ 31. Qxe3 Nxe3 32. Kf2 Nc2 33.
Rxe2 Bxe2 34. Kxe2 Nd4+ 35. Kd3 Nc6 36. Ke4 Kh7 37. a3 a5 38. Kd5 Ne7+ 39. Kc5
b4 40. a4 b3 41. Be5 Kg6 42. Bb2 Nf5 43. Kc4 Ne3+ 44. Kxb3 Nxg2 45. Bc3 Kf5 46.
Bxa5 Ke6 47. Bc7 Kd7 48. Be5 h5 49. Bf6 Kc6 50. Bxg5 Ne1 51. Kc3 Nxf3 52. Bf6
Nxh2 53. Kd3 Ng4 54. Ke4 Nxf6+ 55. Kf4 Nh7 {Time forfeit} 0-1

[Event "Rated Blitz game"]
[Site "?"]
[Date "2021.01.15"]
[Round "?"]
[White "pete1988"]
[Black "batasjon"]
[Result "0-1"]
[WhiteElo "2412"]
[BlackElo "2344"]
[PlyCount "50"]
[EventDate "2021.??.??"]
[EventType "blitz"]

1. e4 e5 2. Nf3 d5 3. Nxe5 Bd6 4. d4 dxe4 5. Nc4 Nf6 6. Bg5 O-O 7. Nc3 Be7 8.
Be2 Nc6 9. d5 Nxd5 10. Qxd5 Bxg5 11. h4 Nb4 12. Qxg5 Nxc2+ 13. Kf1 Nxa1 14.
Qxd8 Rxd8 15. Bd1 b5 16. Ne3 b4 17. Nxe4 Ba6+ 18. Kg1 Bd3 19. Nc5 a5 20. Ba4 b3
21. axb3 Nc2 22. Nxc2 Bxc2 23. Kh2 Rd5 24. Nd7 Rd8 25. g4 R5xd7 {Normal} 0-1

[Event "Rated Blitz game"]
[Site "?"]
[Date "2021.01.15"]
[Round "?"]
[White "madcap_tr"]
[Black "Taabling"]
[Result "0-1"]
[WhiteElo "2417"]
[BlackElo "2424"]
[PlyCount "84"]
[EventDate "2021.??.??"]
[EventType "blitz"]

1. e4 e5 2. Nf3 d5 3. exd5 Bd6 4. Nc3 Nf6 5. Bb5+ c6 6. dxc6 Nxc6 7. O-O O-O 8.
h3 e4 9. Ng5 Re8 10. Re1 Bf5 11. d3 exd3 12. Bxd3 Rxe1+ 13. Qxe1 Bxd3 14. cxd3
Nd4 15. Qd1 Rc8 16. Be3 Bb8 17. Nf3 Nxf3+ 18. Qxf3 Qd6 19. g3 b6 20. Rd1 Rd8
21. Bf4 Qd7 22. Bxb8 Rxb8 23. d4 Qxh3 24. d5 Rd8 25. d6 h6 26. Nd5 Nxd5 27.
Qxd5 Qe6 28. Qb7 Rd7 29. Qc6 g6 30. a4 h5 31. Kg2 Kg7 32. b4 g5 33. Rd5 f6 34.
a5 bxa5 35. bxa5 Kf7 36. Rd4 Qf5 37. a6 Qe6 38. Rd3 Kg7 39. Qc5 Qe4+ 40. Rf3 g4
41. Qxh5 Qxf3+ 42. Kg1 Rxd6 {Normal} 0-1

[Event "Rated Blitz game"]
[Site "?"]
[Date "2021.01.15"]
[Round "?"]
[White "malcriado007"]
[Black "Tayota"]
[Result "0-1"]
[WhiteElo "2429"]
[BlackElo "2345"]
[PlyCount "72"]
[EventDate "2021.??.??"]
[EventType "blitz"]

1. e4 e5 2. Nf3 d5 3. Nxe5 Qe7 4. d4 f6 5. Nd3 Nc6 6. c3 Bf5 7. Be2 Bxe4 8. O-O
Qf7 9. Nc5 Bxc5 10. dxc5 O-O-O 11. Bb5 Qg6 12. f3 Bxb1 13. Bxc6 bxc6 14. Be3
Bd3 15. Rf2 Ne7 16. Qa4 a6 17. Bf4 h5 18. h3 Qf5 19. Bh2 g5 20. b3 d4 21. Qa5
Rd7 22. c4 h4 23. Qxa6+ Kd8 24. Qa8+ Nc8 25. Qxc6 Re8 26. Rd1 Re6 27. Qb5 Be2
28. c6 Qxb5 29. cxb5 Bxd1 30. cxd7 Kxd7 31. Rd2 Be2 32. Rxd4+ Nd6 33. Kf2 Bxb5
34. a4 Ba6 35. b4 c6 36. Rd2 f5 {Time forfeit} 0-1

[Event "Rated Blitz game"]
[Site "?"]
[Date "2021.01.15"]
[Round "?"]
[White "hAMBURGoSLO2018"]
[Black "Fantastic_power06"]
[Result "0-1"]
[WhiteElo "2616"]
[BlackElo "2618"]
[PlyCount "60"]
[EventDate "2021.??.??"]
[EventType "blitz"]

1. e4 e5 2. Nf3 d5 3. Nxe5 Bd6 4. d4 dxe4 5. Nc4 Nc6 6. Nc3 Bb4 7. d5 Nce7 8.
Ne3 Nf6 9. Bc4 O-O 10. O-O a6 11. a3 Bxc3 12. bxc3 b5 13. Bb3 Bb7 14. c4 bxc4
15. Bxc4 Nfxd5 16. Nxd5 Nxd5 17. Bxd5 Bxd5 18. Be3 f5 19. c4 Bxc4 20. Qxd8
Raxd8 21. Rfc1 Bb3 22. Rc3 Rd3 23. Rxc7 f4 24. Bc5 Rfd8 25. Kf1 f3 26. gxf3
exf3 27. Re1 Rd1 28. Rce7 Bc4+ 29. Kg1 h5 30. Bb4 Be2 {Normal} 0-1

[Event "Rated Blitz game"]
[Site "?"]
[Date "2021.01.15"]
[Round "?"]
[White "randomandaverage"]
[Black "blastol"]
[Result "0-1"]
[WhiteElo "2351"]
[BlackElo "2417"]
[PlyCount "80"]
[EventDate "2021.??.??"]
[EventType "blitz"]

1. e4 e5 2. Nf3 d5 3. exd5 Bd6 4. d4 e4 5. Ne5 Nf6 6. Bb5+ c6 7. dxc6 bxc6 8.
Nxc6 Qb6 9. Nc3 Nxc6 10. d5 O-O 11. Bxc6 Ba6 12. Na4 Qd8 13. Bg5 Rb8 14. Qd2 h6
15. Be3 Bb4 16. c3 Bd6 17. O-O-O Bd3 18. f3 Qa5 19. fxe4 Bxe4 20. Rhf1 Ng4 21.
Bf4 Bxf4 22. Rxf4 f5 23. h3 Ne5 24. Qd4 Nxc6 25. dxc6 Rfd8 26. Qc4+ Kh8 27.
Rxd8+ Rxd8 28. c7 Rc8 29. Rxe4 fxe4 30. Qxe4 Qxc7 31. b3 Rf8 32. Kb2 Rf2+ 33.
Ka3 Qd6+ 34. b4 Qf8 35. Nc5 Rf4 36. Qe3 Rf1 37. Ne6 Qf6 38. Nd4 Qf2 39. Qe8+
Qf8 40. Qe4 Qf4 {Time forfeit} 0-1

[Event "Rated Blitz game"]
[Site "?"]
[Date "2021.01.15"]
[Round "?"]
[White "Corre_por_tu_vida"]
[Black "alp1no"]
[Result "0-1"]
[WhiteElo "2543"]
[BlackElo "2766"]
[PlyCount "96"]
[EventDate "2021.??.??"]
[EventType "blitz"]

1. e4 e5 2. Nf3 d5 3. exd5 e4 4. Qe2 Nf6 5. d3 Qxd5 6. Nbd2 Nc6 7. Nxe4 Be7 8.
Nxf6+ gxf6 9. Qe4 Qxe4+ 10. dxe4 f5 11. Bd3 Rg8 12. O-O Be6 13. Re1 Nb4 14. Nd4
Nxd3 15. cxd3 Bb4 16. Rd1 Bd6 17. Nxf5 Bxf5 18. exf5 O-O-O 19. Be3 Rd7 20. d4
h5 21. g3 Be7 22. Rd2 Rgd8 23. Rad1 c6 24. Kg2 Bb4 25. Rd3 Rd5 26. f4 Ba5 27.
Kf3 Bb6 28. h3 Ra5 29. g4 Rxa2 30. R3d2 Re8 31. g5 Ra5 32. g6 Rxf5 33. g7 Rg8
34. Rg2 Rb5 35. Rdd2 Rb3 36. h4 Bc7 37. Rg5 Kd7 38. Rdg2 Re8 39. Re2 Rg8 40. f5
Bb6 41. f6 Bxd4 42. Rd2 Rxe3+ 43. Kf4 Ke6 44. Rxd4 Re1 45. Re4+ Kd7 46. Rxe1
Kc7 47. Rd1 Kb6 48. Kf5 a6 {Time forfeit} 0-1

[Event "Rated Blitz game"]
[Site "?"]
[Date "2021.01.15"]
[Round "?"]
[White "luron2003"]
[Black "batasjon"]
[Result "0-1"]
[WhiteElo "2421"]
[BlackElo "2350"]
[PlyCount "50"]
[EventDate "2021.??.??"]
[EventType "blitz"]

1. e4 e5 2. Nf3 d5 3. Nxe5 Bd6 4. d4 dxe4 5. Nc4 Nf6 6. Nc3 O-O 7. Bg5 Nc6 8.
Be2 Be7 9. d5 Nxd5 10. Qxd5 Bxg5 11. Qxd8 Bxd8 12. Nxe4 Re8 13. Nc3 Nd4 14. Ne3
Rxe3 15. fxe3 Nxc2+ 16. Kf2 Nxa1 17. Rxa1 c6 18. Bf3 Bf6 19. Rc1 Kf8 20. b4 a6
21. a4 Bd7 22. a5 Be6 23. Na4 Ke7 24. Nc5 Bc8 25. Ke2 Kd8 {Normal} 0-1

[Event "Rated Blitz game"]
[Site "?"]
[Date "2021.01.15"]
[Round "?"]
[White "frostbitten"]
[Black "Tayota"]
[Result "1-0"]
[WhiteElo "2410"]
[BlackElo "2355"]
[PlyCount "49"]
[EventDate "2021.??.??"]
[EventType "blitz"]

1. e4 e5 2. Nf3 d5 3. Nxe5 Qe7 4. d4 f6 5. Nd3 Nc6 6. c3 Bf5 7. Be2 Bxe4 8. O-O
Qf7 9. Nd2 O-O-O 10. Re1 g6 11. Bf1 Bd6 12. Nxe4 dxe4 13. Rxe4 f5 14. Re1 Nf6
15. Bf4 Ne4 16. Bxd6 Nxd6 17. Ne5 Nxe5 18. dxe5 Nc4 19. Qb3 b5 20. a4 Qe7 21.
axb5 Nd2 22. Qa4 Nxf1 23. Qa6+ Kd7 24. Qc6+ Kc8 25. Rxa7 {Normal} 1-0

[Event "Rated Blitz game"]
[Site "?"]
[Date "2021.01.15"]
[Round "?"]
[White "africanmorphy"]
[Black "Mettigel"]
[Result "1-0"]
[WhiteElo "2380"]
[BlackElo "2463"]
[PlyCount "58"]
[EventDate "2021.??.??"]
[EventType "blitz"]

1. e4 e5 2. Nf3 d5 3. Nxe5 Bd6 4. d4 dxe4 5. f4 exf3 6. Qxf3 Nf6 7. Nc3 Nbd7 8.
Bf4 O-O 9. O-O-O Nb6 10. Bd3 Be6 11. Kb1 Nfd5 12. Nxd5 Bxd5 13. Qh5 g6 14. Qh6
Qf6 15. Ng4 Qg7 16. Bxd6 cxd6 17. Qh4 f5 18. Ne3 Bf7 19. Bxf5 gxf5 20. Nxf5 Qg6
21. Ne7+ Kg7 22. Nxg6 Bxg6 23. Qe7+ Rf7 24. Qxd6 Nc4 25. Qg3 Rc8 26. h4 Kh8 27.
a3 Rfc7 28. h5 Bf5 29. Rhf1 Rf7 {Normal} 1-0

[Event "Rated Blitz game"]
[Site "?"]
[Date "2021.01.14"]
[Round "?"]
[White "GMJOEY93"]
[Black "Tayota"]
[Result "0-1"]
[WhiteElo "2619"]
[BlackElo "2392"]
[PlyCount "90"]
[EventDate "2021.??.??"]
[EventType "blitz"]

1. e4 e5 2. Nf3 d5 3. d4 dxe4 4. Nxe5 Bd6 5. Nc4 Nf6 6. Bg5 O-O 7. Nc3 Bf5 8.
Be2 Nbd7 9. O-O a6 10. a4 Re8 11. f3 Bg6 12. fxe4 Bxe4 13. Nxe4 Rxe4 14. c3 Qe8
15. Bf3 Re6 16. Bxb7 Rb8 17. Bf3 h6 18. Bd2 Nb6 19. Nxd6 cxd6 20. b3 d5 21. a5
Nbd7 22. Bf4 Rc8 23. Qd2 Ne4 24. Bxe4 Rxe4 25. Rae1 Nf6 26. Be5 Rxe1 27. Rxe1
Ne4 28. Qd3 Rxc3 29. Qxa6 Rxb3 30. Rf1 f6 31. Bf4 Kh7 32. Qe2 Qa4 33. a6 Qxd4+
34. Kh1 Rb2 35. Qe3 Qc4 36. Qf3 Qxa6 37. Bc1 Rc2 38. Qf5+ Kh8 39. Be3 Qe2 40.
Qf3 Qxf3 41. gxf3 Ng5 42. h4 Ne6 43. Rd1 d4 44. Bxd4 Nf4 45. Be3 Ng2 {Time
forfeit} 0-1

[Event "Rated Blitz tournament 7d95Dv0R"]
[Site "?"]
[Date "2021.01.14"]
[Round "?"]
[White "Lixie1903"]
[Black "KurzaLefski1948"]
[Result "1-0"]
[WhiteElo "2463"]
[BlackElo "2261"]
[PlyCount "133"]
[EventDate "2021.??.??"]
[EventType "blitz"]

1. e4 e5 2. Nf3 d5 3. exd5 e4 4. Nd4 Qxd5 5. c3 Nf6 6. Qa4+ Bd7 7. Qb3 Nc6 8.
Qxd5 Nxd5 9. Nxc6 Bxc6 10. d4 exd3 11. Bxd3 O-O-O 12. O-O Bd6 13. Bf5+ Kb8 14.
Nd2 Nf4 15. Ne4 Ne2+ 16. Kh1 Bf4 17. Bxf4 Nxf4 18. f3 g6 19. Bh3 f5 20. Nf2
Nxh3 21. Nxh3 Rd2 22. Rab1 Rhd8 23. Nf4 g5 24. Ne6 Re8 25. Nxg5 Rg8 26. Rbd1
Rxb2 27. Ne6 Rbxg2 28. Rd8+ Rxd8 29. Nxd8 Rxa2 30. Nxc6+ bxc6 31. Re1 Rc2 32.
Re5 Rxc3 33. Kg2 Rc2+ 34. Kg3 f4+ 35. Kh3 Rc4 36. Kg4 Kb7 37. Re7 Kb6 38. Rxh7
a5 39. Rh8 a4 40. Rb8+ Kc5 41. Ra8 a3 42. h4 Rc3 43. h5 Kb4 44. h6 Rc1 45. h7
Rg1+ 46. Kxf4 Rh1 47. h8=Q Rxh8 48. Rxh8 Kb3 49. Ra8 a2 50. Ke4 c5 51. f4 c4
52. f5 c3 53. f6 c2 54. f7 c1=Q 55. f8=Q Qe1+ 56. Kd5 Qd2+ 57. Kc6 Qc3+ 58. Kb7
Qd3 59. Qf7+ Kb2 60. Qxa2+ Kc1 61. Qa3+ Kd1 62. Qxd3+ Kc1 63. Qc4+ Kb2 64. Qc6
Kb1 65. Qxc7 Kb2 66. Kc8 Kb1 67. Rb8+ {Time forfeit} 1-0

[Event "Rated Blitz game"]
[Site "?"]
[Date "2021.01.14"]
[Round "?"]
[White "DanOF"]
[Black "Tayota"]
[Result "1/2-1/2"]
[WhiteElo "2409"]
[BlackElo "2382"]
[PlyCount "69"]
[EventDate "2021.??.??"]
[EventType "blitz"]

1. e4 e5 2. Nf3 d5 3. exd5 e4 4. Nd4 c5 5. Nb3 f5 6. d3 Nf6 7. dxe4 fxe4 8. Bg5
Bf5 9. Nc3 Bd6 10. Bb5+ Nbd7 11. Qe2 O-O 12. O-O-O a6 13. Bxd7 Qxd7 14. Bxf6
Rxf6 15. Nxe4 Bxe4 16. Qxe4 Re8 17. Qd3 b5 18. Nd2 c4 19. Qf1 c3 20. bxc3 Qc7
21. Qd3 Rxf2 22. Rde1 Ref8 23. Rhf1 Qa5 24. Rxf2 Rxf2 25. Re8+ Kf7 26. Qe3 Rf6
27. Rc8 Kg6 28. Qe4+ Kh6 29. g3 Qxa2 30. Qh4+ Kg6 31. Qe4+ Rf5 32. Qe6+ Rf6 33.
Qe4+ Rf5 34. Qe6+ Rf6 35. Qe4+ {Normal} 1/2-1/2

[Event "Rated Blitz game"]
[Site "?"]
[Date "2021.01.14"]
[Round "?"]
[White "DrBilbas"]
[Black "Tayota"]
[Result "1/2-1/2"]
[WhiteElo "2490"]
[BlackElo "2438"]
[PlyCount "81"]
[EventDate "2021.??.??"]
[EventType "blitz"]

1. e4 e5 2. Nf3 d5 3. Nxe5 Qe7 4. d4 f6 5. Nd3 Nc6 6. Qh5+ Qf7 7. Qxd5 Qxd5 8.
exd5 Nxd4 9. Kd1 Bf5 10. Be3 c5 11. c3 Nb5 12. c4 Nd4 13. Nc3 Bd6 14. Bxd4 cxd4
15. Nb5 Bb8 16. Nxd4 Bd7 17. Nc5 b6 18. Nxd7 Kxd7 19. Kc2 Ne7 20. Bd3 Be5 21.
Nf3 Bd6 22. Rae1 Bc5 23. Re2 Ng6 24. a3 a5 25. Rhe1 Rae8 26. Rxe8 Rxe8 27. Rxe8
Kxe8 28. Bxg6+ hxg6 29. Nh4 g5 30. Nf5 g6 31. Ne3 f5 32. b3 Bxa3 33. Kd3 Bc5
34. f3 Ke7 35. h3 Kf6 36. g4 Ke5 37. Ng2 Bf2 38. Ke2 Bc5 39. Kd3 Bf2 40. Ke2
Bc5 41. Kd3 {Normal} 1/2-1/2

[Event "Rated Blitz game"]
[Site "?"]
[Date "2021.01.14"]
[Round "?"]
[White "Lioedede_IM"]
[Black "pasha1984"]
[Result "1-0"]
[WhiteElo "2466"]
[BlackElo "2427"]
[PlyCount "47"]
[EventDate "2021.??.??"]
[EventType "blitz"]

1. e4 e5 2. Nf3 d5 3. exd5 e4 4. Nd4 Nf6 5. Nc3 c6 6. d3 Bb4 7. Be2 Nxd5 8. Bd2
exd3 9. Bxd3 Bxc3 10. bxc3 O-O 11. O-O Qf6 12. Rb1 Na6 13. Qf3 Qxf3 14. Nxf3
Nc5 15. Rfe1 Bg4 16. c4 Bxf3 17. gxf3 Nb6 18. Re7 Rfe8 19. Rbe1 Kf8 20. Bb4
Rxe7 21. Bxc5 Rae8 22. Kg2 Nd7 23. Bd6 Ne5 24. Rxe5 {Normal} 1-0

[Event "Rated Blitz game"]
[Site "?"]
[Date "2021.01.14"]
[Round "?"]
[White "LIILMO"]
[Black "xzZJonZzx"]
[Result "0-1"]
[WhiteElo "2260"]
[BlackElo "2401"]
[PlyCount "72"]
[EventDate "2021.??.??"]
[EventType "blitz"]

1. e4 e5 2. Nf3 d5 3. d4 dxe4 4. Nxe5 Bd6 5. Nc4 Nc6 6. Nxd6+ Qxd6 7. c3 f5 8.
Bb5 Be6 9. O-O O-O-O 10. Na3 Nf6 11. Bg5 Ng4 12. g3 Nf6 13. Bf4 Qe7 14. Bxc6
bxc6 15. Qa4 Kb7 16. b4 Nd5 17. b5 c5 18. Qa6+ Kb8 19. b6 axb6 20. Nb5 Nxf4 21.
gxf4 Bc4 22. Qa7+ Kc8 23. Rfb1 e3 24. Rb2 e2 25. Re1 Rhe8 26. a4 c6 27. Qa8+
Kd7 28. Qb7+ Ke6 29. Nc7+ Kf7 30. Qxc6 Rc8 31. Rxb6 Rxc7 32. Qf3 cxd4 33. cxd4
Qe4 34. Qh5+ Kg8 35. Qxe8+ Qxe8 36. a5 Qe4 {Normal} 0-1

[Event "Rated Rapid game"]
[Site "?"]
[Date "2021.01.14"]
[Round "?"]
[White "Viscam24"]
[Black "Maltinho"]
[Result "0-1"]
[WhiteElo "2268"]
[BlackElo "2477"]
[PlyCount "96"]
[EventDate "2021.??.??"]
[EventType "rapid"]

1. e4 e5 2. Nf3 d5 3. exd5 Bd6 4. d4 e4 5. Ne5 Nf6 6. Nc3 Bb4 7. Bd2 Bxc3 8.
bxc3 Nxd5 9. Bc4 O-O 10. Qh5 Be6 11. O-O Nd7 12. Rfe1 N5f6 13. Qe2 Bxc4 14.
Qxc4 h6 15. Rad1 c6 16. f3 exf3 17. Nxf3 Nb6 18. Qd3 Qd5 19. a3 Rfe8 20. Re5
Rxe5 21. Nxe5 Nfd7 22. Re1 Nxe5 23. Rxe5 Qd6 24. Qg3 Nc4 25. Re2 Qxg3 26. hxg3
Nxa3 27. Re7 Nc4 28. Bc1 b5 29. Rc7 a5 30. Rxc6 a4 31. d5 a3 32. d6 a2 33. d7
a1=Q 34. Rc8+ Kh7 35. d8=Q Qxc1+ 36. Kh2 Rxc8 37. Qxc8 Qg5 38. Qc6 h5 39. Qe4+
g6 40. Qe8 Qf5 41. Qe2 Ne5 42. Kh1 Ng4 43. c4 b4 44. Kg1 Qc5+ 45. Kh1 Ne5 46.
Qe4 Nxc4 47. g4 hxg4 48. Qxg4 Qh5+ {Normal} 0-1

[Event "Rated Rapid game"]
[Site "?"]
[Date "2021.01.14"]
[Round "?"]
[White "Yokip"]
[Black "ZetaFonksiyonu"]
[Result "0-1"]
[WhiteElo "2256"]
[BlackElo "2501"]
[PlyCount "89"]
[EventDate "2021.??.??"]
[EventType "rapid"]

1. e4 e5 2. Nf3 d5 3. exd5 e4 4. Ne5 Nf6 5. Bc4 Bd6 6. d4 Nbd7 7. Nxd7 Bxd7 8.
Bg5 O-O 9. Nd2 h6 10. Bh4 Re8 11. Nf1 g5 12. Bg3 b5 13. Bb3 a5 14. a3 Bxg3 15.
hxg3 Kg7 16. Ne3 a4 17. Ba2 Qc8 18. Qd2 Ng4 19. O-O-O Rb8 20. Nxg4 Bxg4 21.
Rde1 c5 22. dxc5 Qxc5 23. Kb1 b4 24. Re3 bxa3 25. b3 axb3 26. Bxb3 Rxb3+ 27.
cxb3 Ra8 28. Ka2 Rd8 29. Rc1 Rxd5 30. Qc3+ Qxc3 31. Rcxc3 Rd2+ 32. Kxa3 Rxf2
33. Rxe4 Be6 34. Rc7 Kg6 35. Re3 Rxg2 36. Kb4 h5 37. Kc3 h4 38. gxh4 gxh4 39.
b4 h3 40. Re1 h2 41. Rh1 Bd5 42. Kd4 Rd2+ 43. Ke3 Bxh1 44. Kxd2 Bd5 45. Rc1 {
Normal} 0-1

[Event "Rated Blitz game"]
[Site "?"]
[Date "2021.01.14"]
[Round "?"]
[White "Roman_Morozov"]
[Black "Tayota"]
[Result "0-1"]
[WhiteElo "2497"]
[BlackElo "2431"]
[PlyCount "42"]
[EventDate "2021.??.??"]
[EventType "blitz"]

1. e4 e5 2. Nf3 d5 3. d4 dxe4 4. Nxe5 Bd6 5. Qh5 Bxe5 6. Qxe5+ Ne7 7. Bc4 O-O
8. c3 Ng6 9. Qg3 c5 10. dxc5 Nc6 11. O-O Nce5 12. Be2 a5 13. Rd1 Qe7 14. Na3
Qxc5 15. Be3 Qe7 16. Nb5 f5 17. Bg5 Qc5 18. Be3 Qe7 19. Bf4 Nxf4 20. Qxf4 Ng6
21. Qg3 f4 {Normal} 0-1

[Event "Rated Blitz game"]
[Site "?"]
[Date "2021.01.14"]
[Round "?"]
[White "Fleetwood_Mac"]
[Black "Tayota"]
[Result "0-1"]
[WhiteElo "2491"]
[BlackElo "2440"]
[PlyCount "52"]
[EventDate "2021.??.??"]
[EventType "blitz"]

1. e4 e5 2. Nf3 d5 3. exd5 e4 4. Nd4 c5 5. Nb3 f5 6. Bb5+ Nd7 7. d3 Ngf6 8.
dxe4 fxe4 9. Bf4 a6 10. Be2 b5 11. O-O Bb7 12. Nc3 Qb6 13. Kh1 Bd6 14. Bxd6
Qxd6 15. f3 O-O 16. fxe4 b4 17. Na4 Nxe4 18. Bg4 Ndf6 19. Be6+ Kh8 20. c4 Rae8
21. Na5 Bc8 22. Bxc8 Rxc8 23. Nc6 Rce8 24. b3 h5 25. Nb2 Ng4 26. g3 Nef2+ {
Normal} 0-1

[Event "Rated Blitz game"]
[Site "?"]
[Date "2021.01.14"]
[Round "?"]
[White "hamedkalantari"]
[Black "safahkarmoz"]
[Result "1-0"]
[WhiteElo "2424"]
[BlackElo "2544"]
[PlyCount "33"]
[EventDate "2021.??.??"]
[EventType "blitz"]

1. e4 e5 2. Nf3 d5 3. exd5 Nc6 4. dxc6 Nf6 5. Nxe5 bxc6 6. d4 Nd5 7. Bc4 Bd6 8.
O-O O-O 9. Nxc6 Bb7 10. Nxd8 Bc6 11. Nxc6 Be7 12. Bxd5 Rfd8 13. Nxe7+ Kh8 14.
Bxa8 Rd7 15. Re1 Rxe7 16. Rxe7 f5 17. Re8# {Normal} 1-0

[Event "Rated Rapid game"]
[Site "?"]
[Date "2021.01.14"]
[Round "?"]
[White "H-HH"]
[Black "ekdubov"]
[Result "0-1"]
[WhiteElo "2473"]
[BlackElo "2258"]
[PlyCount "38"]
[EventDate "2021.??.??"]
[EventType "rapid"]

1. e4 e5 2. Nf3 d5 3. exd5 e4 4. Qe2 Nf6 5. Nc3 Be7 6. Nxe4 O-O 7. d3 Re8 8.
Qd1 Qxd5 9. Nxf6+ Bxf6+ 10. Be2 Qe6 11. c3 c5 12. Be3 Nc6 13. O-O b6 14. Re1
Bb7 15. Qd2 Rad8 16. Bd1 Ne5 17. Nxe5 Qxe5 18. Ba4 Qd5 19. Bxe8 Qxg2# {Normal}
0-1

[Event "Rated Blitz game"]
[Site "?"]
[Date "2021.01.14"]
[Round "?"]
[White "NormWeinstein"]
[Black "Tayota"]
[Result "0-1"]
[WhiteElo "2450"]
[BlackElo "2441"]
[PlyCount "52"]
[EventDate "2021.??.??"]
[EventType "blitz"]

1. e4 e5 2. Nf3 d5 3. d4 dxe4 4. Nxe5 Bd6 5. Bf4 Nf6 6. Be2 O-O 7. O-O Bf5 8.
Nc3 h6 9. f3 Re8 10. fxe4 Nxe4 11. Nxe4 Bxe4 12. Bf3 Bc6 13. Kh1 Bxe5 14. Bxe5
Nd7 15. Bxc6 bxc6 16. Bg3 Nf6 17. c3 Ne4 18. Qf3 Qd5 19. Rfe1 Rab8 20. b3 f5
21. Be5 Qf7 22. Rad1 Rbd8 23. h3 Kh7 24. Kh2 Qg6 25. Rd3 Ng5 26. Qg3 f4 {Normal
} 0-1

[Event "Rated Blitz game"]
[Site "?"]
[Date "2021.01.14"]
[Round "?"]
[White "DrBilbas"]
[Black "Tayota"]
[Result "1-0"]
[WhiteElo "2499"]
[BlackElo "2448"]
[PlyCount "63"]
[EventDate "2021.??.??"]
[EventType "blitz"]

1. e4 e5 2. Nf3 d5 3. Nxe5 Qe7 4. d4 f6 5. Nd3 Nc6 6. Qh5+ Qf7 7. Qxd5 Qxd5 8.
exd5 Nxd4 9. Kd1 Bd6 10. Be3 Nf5 11. c4 b6 12. Nc3 a6 13. Kd2 Nge7 14. g3 O-O
15. Bg2 Ng6 16. Rhe1 Bd7 17. Ne4 Rae8 18. Nxd6 Nxd6 19. b3 Bf5 20. Bd4 Ne4+ 21.
Bxe4 Bxe4 22. Re3 Bxd3 23. Kxd3 Rxe3+ 24. Kxe3 Re8+ 25. Kd2 Re4 26. Bc3 Kf7 27.
Re1 Re7 28. Rxe7+ Kxe7 29. f4 Kd7 30. Ke3 Ne7 31. Ke4 Nf5 32. Kxf5 {Normal} 1-0

[Event "Rated Blitz game"]
[Site "?"]
[Date "2021.01.14"]
[Round "?"]
[White "MateuszZajac"]
[Black "GrandeGila"]
[Result "0-1"]
[WhiteElo "2281"]
[BlackElo "2401"]
[PlyCount "28"]
[EventDate "2021.??.??"]
[EventType "blitz"]

1. e4 e5 2. Nf3 d5 3. Nxe5 Bd6 4. d4 dxe4 5. Nc3 Bxe5 6. dxe5 Qxd1+ 7. Kxd1 Nc6
8. Bb5 Nge7 9. Nxe4 Bf5 10. Ng3 O-O-O+ 11. Bd2 Nxe5 12. Nxf5 Nxf5 13. Be2 Nd4
14. Bc4 Nxc4 {Normal} 0-1